Statistics for Girls' Generation Japanese Songs

Click here to take the quiz!

General Stats

  • This quiz has been taken 70 times
  • The average score is 25 of 43

Answer Stats

Answer% Correct
Mr. Taxi
91%
Gee
89%
Genie
82%
Oh!
80%
Divine
75%
Love and Girls
75%
Paparazzi
75%
Run Devil Run
75%
Karma Butterfly
73%
Bad Girl
70%
All My Love is for You
68%
Galaxy Supernova
68%
Girls and Peace
68%
Hoot
68%
Motorcycle
64%
The Great Escape
64%
Flower Power
61%
Mr. Mr.
61%
T.O.P.
61%
My Oh My
59%
Time Machine
59%
Beep Beep
57%
Blue Jeans
57%
Flyers
57%
Lips
55%
Let It Rain
52%
Reflection
52%
Everyday Love
50%
Indestructible
50%
Not Alone
50%
Animal
48%
Do the Catwalk
48%
Stay Girls
48%
You-aholic
48%
Boomerang
45%
Show Girls
45%
Gossip Girls
43%
I'm In Love With The Hero
43%
Beautiful Stranger
41%
Born to Be a Lady
41%
Chain Reaction
41%
Linguafranc
41%
I'm a Diamond
36%

Score Distribution

Percentile by Number Answered

Percent of People with Each Score

Your Score History

You have not taken this quiz